000 01062nam a2200241Ia 4500
001 281.7-MON ug st (18450)
003 IT-MiSPE
008 171229s9999||||xx |||||||||||||| ||und||
040 _aIT-MiSPE
_cIT-MiSPE
041 _aITALIANO
100 _aUgo Monneret De Villard
245 0 _aStoria della Nubia cristiana
250 _a1a ed. (v)
260 _aRoma
_bPont. Inst. Orientalium Studiorum
_c1938
300 _a250 p.
490 _aOrientalia Christiana Analecta
_v118
500 _aEtiopia; Cristiani orientali
501 _aEdizioni San Paolo srl - Piazza Soncino, 5 - 20092 CINISELLO BALSAMO (MI) (non commercial uses only) ® Copyright 2018
520 _aCart. geo.
942 _cBK
957 _71
999 _a4849
_bNO
_g Copie: 1
_c348470
_d348470